000 00328nam a22001457a 4500
008 211012b ||||| |||| 00| 0 eng d
020 _a9781582555553
041 _aeng
080 _a616
082 _a616
100 _a9
101 _aPAT
245 _aPathophysiology made incredibly Visual!
_cWilliams,L
942 _2udc
_cBK
999 _c58186
_d58186